000
00248nam a2200109Ia 4500
008
200302s9999 xx 000 0 und d
100
_a
Arian Mostaedi
245
_a
The New Apartment
260
_b
Linksbooks net.
260
_c
2005
300
_a
167 P.,
999
_c
3966
_d
3966